| 000 | 00419pab a2200169 454500 | ||
|---|---|---|---|
| 008 | 180718b1986 xxu||||| |||| 00| 0 eng d | ||
| 100 | _aJoshi, Kireet | ||
| 245 | _aStrategy for change | ||
| 260 | _c1986 | ||
| 300 | _ap.473-475. | ||
| 362 | _aJul-Sep | ||
| 650 | _aEducational policy - India | ||
| 650 | _aEducational policy | ||
| 773 | _aIndian Journal of Public Administration | ||
| 908 | _aN | ||
| 909 | _a88779 | ||
| 999 |
_c88779 _d88779 |
||